00205nam a2200073Ia 4500008004100000100001400041245004800055260002800103120527s9999 xx 000 0 und d aSmith,J.L aThe university of Miami neuro opthalmology  bCharles and Thomas Pub.